000 00521nam a2200133Ia 4500
008 100328s9999 xx 000 0 und d
082 _b56984
100 _aघाणेकर माुसूदन
245 _aमुळाक्षरे आणि तुमचा स्वभाव
260 _bइंद्रायणी
630 _aमुळाक्षरे आणि तुमचा स्वभाव
730 _aमुळाक्षरे आणि तुमचा स्वभाव
942 _cBOOK
999 _c543472
_d543469